Confrontación agraria en el Magdalena Medio / (Registro nro. 12571)
[ vista simple ]
| 000 -LEADER | |
|---|---|
| fixed length control field | 01125nam a2200265Ia 4500 |
| 003 - CONTROL NUMBER IDENTIFIER | |
| control field | OSt |
| 005 - DATE AND TIME OF LATEST TRANSACTION | |
| control field | 20210927103732.0 |
| 008 - FIXED-LENGTH DATA ELEMENTS--GENERAL INFORMATION | |
| fixed length control field | 130821s1985 ck gr spa |
| 020 ## - INTERNATIONAL STANDARD BOOK NUMBER | |
| International Standard Book Number | 9589078001 |
| 040 ## - CATALOGING SOURCE | |
| Original cataloging agency | Co-BoUCM |
| Language of cataloging | spa |
| Transcribing agency | CO-JMCR |
| 041 0# - LANGUAGE CODE | |
| Language code of text/sound track or separate title | spa |
| 082 04 - DEWEY DECIMAL CLASSIFICATION NUMBER | |
| Classification number | 338.18861 / |
| Item number | E821c |
| Edition number | 23 |
| 100 1# - MAIN ENTRY--PERSONAL NAME | |
| Personal name | Estrada Pacheco, Manuel, |
| Relator term | autor |
| 9 (RLIN) | 40809 |
| 245 10 - TITLE STATEMENT | |
| Title | Confrontación agraria en el Magdalena Medio / |
| Statement of responsibility, etc. | Manuel Estrada Pacheco |
| 260 ## - PUBLICATION, DISTRIBUTION, ETC. | |
| Place of publication, distribution, etc. | Bucaramanga (Colombia) : |
| Name of publisher, distributor, etc. | Biblioteca Gabriel Turbay, |
| Date of publication, distribution, etc. | 1985. |
| 300 ## - PHYSICAL DESCRIPTION | |
| Extent | 136 páginas : |
| Other physical details | ilustraciones, mapas y fotografías en blanco y negro ; |
| Dimensions | 21 cm. |
| 490 ## - SERIES STATEMENT | |
| Series statement | Ensayos, |
| Volume/sequential designation | 5 |
| 504 ## - BIBLIOGRAPHY, ETC. NOTE | |
| Bibliography, etc. note | Bibliografía : páginas 121-126. |
| 505 0# - FORMATTED CONTENTS NOTE | |
| Formatted contents note | Aspectos generales. -- El plan nacional de rehabilitación. -- Análisis y diagnostico. -- Sociología del conflicto y sociología del desarrollo. |
| 650 24 - SUBJECT ADDED ENTRY--TOPICAL TERM | |
| 9 (RLIN) | 8726 |
| Topical term or geographic name entry element | Agricultura y Estado |
| Geographic subdivision | Colombia |
| 650 24 - SUBJECT ADDED ENTRY--TOPICAL TERM | |
| Topical term or geographic name entry element | Agricultura |
| 9 (RLIN) | 8719 |
| 650 14 - SUBJECT ADDED ENTRY--TOPICAL TERM | |
| Topical term or geographic name entry element | Rehabilitación rural |
| Form subdivision | Aspectos sociales |
| Geographic subdivision | Magdalena (Colombia) |
| 9 (RLIN) | 23405 |
| 651 ## - SUBJECT ADDED ENTRY--GEOGRAPHIC NAME | |
| Geographic name | Magdalena Medio (Regin̤, Colombia) |
| General subdivision | Condiciones socioeconm̤icas |
| 9 (RLIN) | 40810 |
| 942 ## - ADDED ENTRY ELEMENTS (KOHA) | |
| Koha item type | Books |
| Source of classification or shelving scheme | Dewey Decimal Classification |
| Withdrawn status | Lost status | Source of classification or shelving scheme | Damaged status | Not for loan | Home library | Current library | Shelving location | Date acquired | Source of acquisition | Full call number | Barcode | Date last seen | Copy number | Price effective from | Koha item type |
|---|---|---|---|---|---|---|---|---|---|---|---|---|---|---|---|
| Dewey Decimal Classification | Biblioteca Pública José María del Castillo y Rada | Biblioteca Pública José María del Castillo y Rada | General Stacks | 04/15/2018 | Donación | 338.18861 / E821c | 430004891 | 05/16/2024 | Ej.1 | 03/10/2021 | Books |